00844nam a22001937a 4500003000900000008004100009020001800050040007100068082001900139100002400158245004800182260004100230300002600271505028700297650001600584650001900600650001300619650001800632AR-CdUCM190228b ||||| |||| 00| 0 spa d a84-309-0794-7 aMUNICIPALIDAD PROVINCIAL DEL CUSCOcBIBLIOTECA MUNICIPAL DEL CUSCO a331.11 / bA45 aAlonso Olea, Manuel aDe la servidumbre al contrato de trabajo /  aMadrid : bEditorial Tecnos, c1979. a137 paginas ;c22 cm. aBodino; con un inciso sobre Domat y una referencia breve a campanella -- Hobbes; de los elementos al Leviathan -- Montesquieu; con una nota larga sobre "el espíritu de un pueblo" -- Rosseau; con referencias amplias a Pothier y Asso y Manuel y traducción de pasajes de Pothier... aServidumbre aTrabajo y ocio aJornadas aAcuerdo legal